[Event "O pohar mesta Ricany 2016"]
[Site "Kulturni centrum Labut, 17. Listopadu 214 25101 Ricany"]
[Date "2016.08.27"]
[Round "1.1"]
[White "Krejci, Jan"]
[Black "Vorackova, Jarmila"]
[Result "1-0"]
[WhiteElo "2496"]
[BlackElo "1878"]
[PlyCount "0"]
[EventDate "2016.08.27"]

1. e4 c6 2. d4 d5 3. Nc3 dxe4 4. Nxe4 Bf5 5. Ng3 Bg6 6. h4 h6 7. Nf3 Nd7 8. h5
Bh7 9. Bd3 Bxd3 10. Qxd3 e6 11. Bd2 Qc7 12. O-O-O Bd6 13. Ne4 Bf4 14. Qa3 Ngf6
15. Rh4 Bxd2+ 16. Nfxd2 Nb6 17. Nd6+ Kd8 18. Nf3 Ne8 19. Nxe8 Kxe8 20. Rg4 Rg8
21. Ne5 Qe7 22. Qg3 f5 23. Rg6 Nd5 24. Rxh6 Nf6 25. Rg6 Nxh5 26. Qe3 Nf6 27. Re1
a5 28. f3 Kf8 29. Rg3 Qd6 30. Qg5 Qxd4 31. Qg6 Qf4+ 32. Kb1 Ke7 33. Qf7+ Kd6
34. Rxg7 Rxg7 35. Qxg7 Nd5 36. Qd7+ Kc5 37. Nd3+ 1-0

[Event "O pohar mesta Ricany 2016"]
[Site "Kulturni centrum Labut, 17. Listopadu 214 25101 Ricany"]
[Date "2016.08.27"]
[Round "1.2"]
[White "Lhotsky, Zdenek"]
[Black "Vojta, Tomas"]
[Result "0-1"]
[WhiteElo "1853"]
[BlackElo "2384"]
[PlyCount "0"]
[EventDate "2016.08.27"]

1. e4 d5 2. exd5 Nf6 3. d4 Bg4 4. f3 Bf5 5. c4 e6 6. dxe6 Nc6 7. Be3 fxe6 8. a3
Bd6 9. Bd3 O-O 10. Ne2 Qe8 11. Nbc3 Rd8 12. b4 Bxd3 13. Qxd3 e5 14. d5 e4
15. Nxe4 Ne5 16. Qc2 Nxe4 17. Qxe4 Nxc4 18. Bg5 Qxe4 19. fxe4 Rde8 20. Nc3 Be5
21. Rc1 Bxc3+ 22. Rxc3 Rxe4+ 23. Kd1 Rf5 24. Bd8 Rxd5+ 0-1

[Event "O pohar mesta Ricany 2016"]
[Site "Kulturni centrum Labut, 17. Listopadu 214 25101 Ricany"]
[Date "2016.08.27"]
[Round "1.3"]
[White "Bures, Jaroslav"]
[Black "Stanek, Ondrej"]
[Result "1-0"]
[WhiteElo "2376"]
[BlackElo "1837"]
[PlyCount "0"]
[EventDate "2016.08.27"]

1. d4 Nf6 2. c4 g6 3. f3 d5 4. cxd5 Nxd5 5. e4 Nb6 6. Nc3 Bg7 7. Be3 O-O 8. Qd2
Nc6 9. O-O-O Na5 10. b3 Nc6 11. h4 Nb4 12. h5 Be6 13. Bh6 a5 14. Bxg7 Kxg7
15. hxg6 fxg6 16. Qh6+ Kf7 17. d5 Bxd5 18. Qxh7+ Ke8 19. Qxg6+ Bf7 20. Rxd8+
Rxd8 21. Qg5 c6 22. Qxa5 Nd3+ 23. Bxd3 Rxd3 24. Qxb6 Rxc3+ 25. Kd2 1-0

[Event "O pohar mesta Ricany 2016"]
[Site "Kulturni centrum Labut, 17. Listopadu 214 25101 Ricany"]
[Date "2016.08.27"]
[Round "1.4"]
[White "Kunc, Jan"]
[Black "Kulhanek, Tomas"]
[Result "1/2-1/2"]
[WhiteElo "1832"]
[BlackElo "2364"]
[PlyCount "0"]
[EventDate "2016.08.27"]

1. e4 d6 2. d4 Nf6 3. Nc3 g6 4. Be3 c6 5. Qd2 b5 6. f3 Nbd7 7. h4 h5 8. Bd3 Nb6
9. Nh3 Bxh3 10. Rxh3 Qc7 11. O-O-O Bg7 12. Kb1 Rb8 13. e5 dxe5 14. dxe5 Nfd5
15. f4 O-O 16. Rg1 b4 17. Ne4 Na4 18. Ka1 c5 19. Bc4 Ndb6 20. Qe2 Qc6 21. Ng5
Nxc4 22. Qxc4 Rbd8 23. g4 hxg4 24. Rhg3 Qd5 25. Qxd5 Rxd5 26. Rxg4 Rfd8 27. Kb1
Rd1+ 28. Bc1 Bh6 29. Nh3 Kh7 30. Nf2 Rxg1 1/2-1/2

[Event "O pohar mesta Ricany 2016"]
[Site "Kulturni centrum Labut, 17. Listopadu 214 25101 Ricany"]
[Date "2016.08.27"]
[Round "1.5"]
[White "Balacek, Tadeas"]
[Black "Havelka, Petr"]
[Result "1-0"]
[WhiteElo "2298"]
[BlackElo "1827"]
[PlyCount "0"]
[EventDate "2016.08.27"]

1. d4 d5 2. Nf3 Nf6 3. c4 e6 4. g3 Be7 5. Bg2 O-O 6. O-O Nbd7 7. Qc2 c6 8. Nbd2
b6 9. e4 Nxe4 10. Nxe4 dxe4 11. Qxe4 Bb7 12. Rd1 Nf6 13. Qc2 Qc7 14. Bf4 Bd6
15. Bg5 Be7 16. Bf4 Bd6 17. Be5 Nd7 18. Ng5 g6 19. Bxd6 Qxd6 20. Ne4 Qe7 21. c5
b5 22. a4 a6 23. Qc1 Rfd8 24. Nd6 Nf8 25. h4 Kg7 26. Qf4 f6 27. Re1 Rab8
28. axb5 axb5 29. Ra7 Qd7 30. b4 h6 31. Be4 Nh7 32. Qf3 Kg8 33. Rxb7 Rxb7
34. Bxc6 1-0

[Event "O pohar mesta Ricany 2016"]
[Site "Kulturni centrum Labut, 17. Listopadu 214 25101 Ricany"]
[Date "2016.08.27"]
[Round "1.6"]
[White "Paulovic, Milan"]
[Black "Svatos, Jan"]
[Result "0-1"]
[WhiteElo "1821"]
[BlackElo "2293"]
[PlyCount "0"]
[EventDate "2016.08.27"]

1. Nf3 Nf6 2. b3 d5 3. Bb2 c5 4. e3 a6 5. a4 Nc6 6. Be2 Bf5 7. Nh4 Bd7 8. O-O
e5 9. Nf3 Bd6 10. h3 e4 11. Ne1 Qe7 12. d3 O-O-O 13. Nd2 Bc7 14. c3 g5 15. Nc2
h5 16. c4 Ne5 17. d4 Nf3+ 18. gxf3 Qd6 19. f4 gxf4 20. dxc5 Rdg8+ 21. Kh1 Qe6
0-1

[Event "O pohar mesta Ricany 2016"]
[Site "Kulturni centrum Labut, 17. Listopadu 214 25101 Ricany"]
[Date "2016.08.27"]
[Round "1.7"]
[White "Soural, Jan"]
[Black "Otruba, Marek"]
[Result "1/2-1/2"]
[WhiteElo "2222"]
[BlackElo "1806"]
[PlyCount "0"]
[EventDate "2016.08.27"]

1. d4 Nf6 2. c4 g6 3. Nc3 d5 4. cxd5 Nxd5 5. e4 Nxc3 6. bxc3 Bg7 7. Qa4+ Nd7
8. Nf3 O-O 9. Be3 c5 10. Rc1 Qc7 11. Bd3 b6 12. O-O Bb7 13. d5 Rfe8 14. Bg5 a6
15. c4 Ne5 16. Nxe5 Bxe5 17. h3 b5 18. cxb5 axb5 19. Qxb5 Ba6 20. Qb3 Reb8
21. Qd1 Bxd3 22. Qxd3 Rxa2 23. Be3 Ra5 24. f4 Bb2 25. Rc4 Ra3 26. Qe2 Rb5 27. e5
Ra6 28. Rd1 Ba3 29. d6 exd6 30. exd6 Qd7 31. Re4 Rbb6 1/2-1/2

[Event "O pohar mesta Ricany 2016"]
[Site "Kulturni centrum Labut, 17. Listopadu 214 25101 Ricany"]
[Date "2016.08.27"]
[Round "1.8"]
[White "Sadil, Jan"]
[Black "Starek, Stanislav"]
[Result "0-1"]
[WhiteElo "1798"]
[BlackElo "2172"]
[PlyCount "0"]
[EventDate "2016.08.27"]

1. d4 Nf6 2. c4 e6 3. Nc3 Bb4 4. Nf3 d5 5. Bg5 c6 6. cxd5 exd5 7. e3 Qa5 8. Qc2
Ne4 9. Rc1 Qxa2 10. Bd3 Bxc3+ 11. bxc3 Qxc2 12. Rxc2 Nxg5 13. Nxg5 f6 14. Nf3
Nd7 15. Ke2 b5 16. Ra1 a5 17. Rca2 a4 18. Ne1 Nb6 19. Nc2 Be6 20. Nb4 Kd7
21. Kd2 Bf7 22. Kc2 Bg6 23. h3 Bxd3+ 24. Nxd3 Kd6 25. Nc5 Rhe8 26. Kd3 Nd7
27. Nxd7 Kxd7 28. f3 f5 29. h4 h5 30. Rb1 Re6 31. Rbb2 Kd6 32. Rb1 Rae8 33. Re1
c5 34. Rb2 Kc6 35. Ra2 f4 36. e4 dxe4+ 37. fxe4 c4+ 0-1

[Event "O pohar mesta Ricany 2016"]
[Site "Kulturni centrum Labut, 17. Listopadu 214 25101 Ricany"]
[Date "2016.08.27"]
[Round "1.9"]
[White "Rut, Vojtech"]
[Black "Stork, Rostislav"]
[Result "1-0"]
[WhiteElo "2135"]
[BlackElo "1779"]
[PlyCount "0"]
[EventDate "2016.08.27"]

1. e4 e5 2. Nf3 Nf6 3. d4 Nxe4 4. dxe5 d5 5. Be3 Be7 6. Nbd2 O-O 7. Bd3 Bf5
8. Nd4 Bg6 9. Nxe4 dxe4 10. Bc4 c6 11. e6 Qd6 12. c3 a5 13. exf7+ Bxf7 14. Bxf7+
Rxf7 15. Qg4 Qg6 16. Qc8+ Bf8 17. O-O-O Rd7 18. Rd2 Qf7 19. Rhd1 Qxa2 20. Nc2
Rxd2 21. Rxd2 Qc4 22. Bf4 Qf1+ 23. Rd1 Qxf2 24. Bd6 1-0

[Event "O pohar mesta Ricany 2016"]
[Site "Kulturni centrum Labut, 17. Listopadu 214 25101 Ricany"]
[Date "2016.08.27"]
[Round "1.10"]
[White "Civin, Dominik"]
[Black "Cerny, Martin"]
[Result "1-0"]
[WhiteElo "1777"]
[BlackElo "2130"]
[PlyCount "0"]
[EventDate "2016.08.27"]

1. c4 c6 2. Nc3 d5 3. e3 Nf6 4. Nf3 a6 5. d4 Bg4 6. Be2 e6 7. c5 Nbd7 8. b4 Be7
9. h3 Bxf3 10. gxf3 Qc7 11. Rg1 Qh2 12. Kd2 Qxf2 13. Rxg7 e5 14. Kd3 e4+
15. fxe4 Nxe4 16. Nxe4 Qf5 17. Qf1 dxe4+ 18. Kc2 Qxf1 19. Bxf1 Kf8 20. Rg4 Nf6
21. Rf4 Rg8 22. Bd2 Rg1 23. Rb1 Re8 24. a4 Bd8 25. b5 axb5 26. axb5 Nd5 27. Rg4
Rxg4 28. hxg4 Bg5 29. bxc6 bxc6 30. Rb3 Re6 31. Bc4 f5 32. Bxd5 cxd5 33. gxf5
Ra6 34. Rc3 Ra2+ 35. Kd1 Bd8 36. c6 Bc7 37. Rc5 Ra1+ 38. Bc1 Ra5 39. Rxa5 Bxa5
40. Ba3+ Ke8 41. Bd6 h5 42. f6 1-0

[Event "O pohar mesta Ricany 2016"]
[Site "Kulturni centrum Labut, 17. Listopadu 214 25101 Ricany"]
[Date "2016.08.27"]
[Round "1.11"]
[White "Hrdina, Robin"]
[Black "Maslo, Ondrej"]
[Result "1-0"]
[WhiteElo "2120"]
[BlackElo "1750"]
[PlyCount "0"]
[EventDate "2016.08.27"]

1. b3 e5 2. Bb2 Nc6 3. e3 Bc5 4. Bb5 Nge7 5. Ne2 a6 6. Bxc6 Nxc6 7. O-O d6
8. f4 Bg4 9. h3 Be6 10. Kh2 Qd7 11. d4 Bb6 12. d5 Bxe3 13. dxc6 Qxc6 14. Qd3
exf4 15. Nxf4 Bxf4+ 16. Rxf4 O-O-O 17. Nd2 Rhg8 18. Nf3 g5 19. Nd4 Qd7 20. Nxe6
fxe6 21. Rf6 g4 22. Raf1 gxh3 23. Qxh3 Kb8 24. R1f2 Rde8 25. Bd4 Qg7 26. Be3 e5
27. Bh6 Qe7 28. Rf7 Qd8 29. Rd7 Qc8 30. Rff7 Rg6 31. Bg7 e4 32. Qc3 e3 33. Bd4
Reg8 34. Qxe3 Rxg2+ 35. Kh1 Rg1+ 36. Qxg1 Rxg1+ 37. Kxg1 Qg8+ 38. Bg7 Ka7
39. Rxc7 Kb6 40. Kf2 Qd8 41. Rxb7+ Kc6 42. Bf6 Qa5 43. Rbc7+ Kd5 44. c4+ Ke4
45. Rce7+ Kd3 46. Re3+ Kc2 47. Re2+ Kd1 48. Bd4 Qh5 49. Rfe7 Qh2+ 50. Kf3 Qh3+
51. Kf2 Qh2+ 52. Kf1 Qh1+ 53. Bg1 Qh3+ 54. Kf2 Qh4+ 55. Kg2 Qg4+ 56. Kf2 Qf4+
57. Kg2 Qg4+ 58. Kf1 Qf3+ 59. Rf2 Qh3+ 60. Rg2 Qd3+ 61. Rge2 Qh3+ 62. Rg2 Qd3+
63. Kf2 Qd2+ 64. Kf3 Qc3+ 65. Re3 Qf6+ 66. Kg3 Qg5+ 67. Kh2 Qh4+ 68. Rh3 Qf4+
69. Rgg3 Qe5 70. Bf2 Qf4 71. Kg1 Ke2 72. Re3+ Kd2 73. Rh2 Qg4+ 74. Rg2 Qf4
75. Reg3 Qf8 76. Kh2 Qf5 77. Rg5 Qe6 78. R5g3 Kc2 79. Kh1 Qf5 80. Rh2 Qe4+
81. Kg1 Kb1 82. Re3 Qg4+ 83. Rg2 Qf5 84. Re2 Qd3 85. Bg3 Qd4+ 86. Kh1 Qc5 1-0

[Event "O pohar mesta Ricany 2016"]
[Site "Kulturni centrum Labut, 17. Listopadu 214 25101 Ricany"]
[Date "2016.08.27"]
[Round "1.12"]
[White "Chromovsky, Hynek"]
[Black "Hanl, Frantisek"]
[Result "0-1"]
[WhiteElo "1724"]
[BlackElo "2116"]
[PlyCount "0"]
[EventDate "2016.08.27"]

1. c4 Nf6 2. Nc3 e6 3. g3 c5 4. Bg2 Nc6 5. e3 b6 6. Nge2 Bb7 7. d4 cxd4 8. Nxd4
Na5 9. Bxb7 Nxb7 10. Qf3 Nc5 11. e4 e5 12. Nc2 Rc8 13. O-O Be7 14. Ne3 Ne6
15. b3 Bc5 16. Ned5 Bd4 17. Bg5 Nxg5 0-1

[Event "O pohar mesta Ricany 2016"]
[Site "Kulturni centrum Labut, 17. Listopadu 214 25101 Ricany"]
[Date "2016.08.27"]
[Round "1.13"]
[White "Skalicky, Tomas"]
[Black "Kucera, Josef"]
[Result "1-0"]
[WhiteElo "2110"]
[BlackElo "1716"]
[PlyCount "0"]
[EventDate "2016.08.27"]

1. d4 g6 2. c4 Bg7 3. Nf3 Nf6 4. g3 O-O 5. Bg2 c6 6. O-O d5 7. Nbd2 Bg4 8. b3
Na6 9. Ne5 Bf5 10. Bb2 Ng4 11. e4 Nxe5 12. dxe5 dxe4 13. Nxe4 Qc7 14. f4 Rad8
15. Qe2 Rd7 16. g4 Bxe4 17. Bxe4 Rfd8 18. Rad1 Qb6+ 19. Kg2 Rxd1 20. Rxd1 Rxd1
21. Qxd1 Qe3 22. Qf3 Qd2+ 23. Qf2 Qxf2+ 24. Kxf2 Nc5 25. Bc2 Ne6 26. f5 Nf4
27. h4 h6 28. Kf3 g5 29. hxg5 hxg5 30. Be4 e6 31. Bd4 a6 32. b4 Bf8 33. Bc3 Bg7
34. a4 Kf8 35. b5 axb5 36. axb5 exf5 37. gxf5 cxb5 38. cxb5 b6 39. Bd4 Ke8
40. Bc6+ Kf8 41. f6 Bh6 42. Kg4 Kg8 43. Bxb6 Ne6 44. Bd7 1-0

[Event "O pohar mesta Ricany 2016"]
[Site "Kulturni centrum Labut, 17. Listopadu 214 25101 Ricany"]
[Date "2016.08.27"]
[Round "1.14"]
[White "Benes, Karel"]
[Black "Krivanek, Vladimir"]
[Result "0-1"]
[WhiteElo "1713"]
[BlackElo "2109"]
[PlyCount "0"]
[EventDate "2016.08.27"]

1. e4 e6 2. d4 d5 3. exd5 exd5 4. Nf3 Nf6 5. Nc3 Be7 6. Be2 O-O 7. O-O Bf5
8. Nh4 Be6 9. Nf3 Nbd7 10. Bf4 c6 11. Ne5 Nxe5 12. Bxe5 Nd7 13. Bg3 Qb6 14. Na4
Qa5 15. c3 b5 16. b4 Qxa4 17. Qxa4 bxa4 18. Rfe1 Nb6 19. Ba6 Rae8 20. Rab1 Bc8
21. Bd3 f5 22. Be5 Kf7 23. Rbd1 Bf6 24. f4 Bxe5 25. dxe5 Be6 26. Kf2 Rb8 27. a3
Nc4 28. Bxc4 dxc4 29. Rd6 Rbc8 30. Red1 Ke7 31. Ke3 Rfd8 32. R1d4 Bd5 33. Rxd8
Rxd8 34. g3 Be6 35. h3 Rxd4 36. Kxd4 Kd7 37. Kc5 Kc7 38. b5 g6 39. bxc6 a6
40. h4 h5 41. Kb4 Kxc6 42. Ka5 Kd5 43. Kb6 Ke4 44. Kc7 Kd3 45. Kd6 Bg8 46. e6
Kxc3 47. Ke7 Kb3 48. Kf6 Bxe6 0-1

[Event "O pohar mesta Ricany 2016"]
[Site "Kulturni centrum Labut, 17. Listopadu 214 25101 Ricany"]
[Date "2016.08.27"]
[Round "1.15"]
[White "Blumel, Otto"]
[Black "Hampel, Rudolf"]
[Result "0-1"]
[WhiteElo "2061"]
[BlackElo "1710"]
[PlyCount "0"]
[EventDate "2016.08.27"]

1. d4 Nf6 2. Nc3 d5 3. e4 dxe4 4. f3 Bf5 5. Bc4 e6 6. Bg5 Bb4 7. fxe4 Bxe4
8. Nf3 Nc6 9. a3 Bxf3 10. Qxf3 Nxd4 11. Qf2 Bxc3+ 12. bxc3 Nf5 13. Bd3 Qd5
14. O-O-O Qa5 15. Bxf6 gxf6 16. g4 Ne7 17. Qxf6 Qxa3+ 18. Kd2 O-O-O 19. Qxf7 Nd5
20. Qxe6+ Kb8 21. Qe5 Rhe8 22. Qg7 Qc5 23. Qd4 Qe7 24. Kc1 Ne3 25. Qa4 Nxd1
26. Rxd1 Rd6 27. Rf1 Rf8 28. Rxf8+ Qxf8 29. g5 a6 30. Qe4 Qg7 31. h4 Qxc3 32. h5
Qa1+ 33. Kd2 Qa5+ 34. Ke2 Qxg5 0-1

[Event "O pohar mesta Ricany 2016"]
[Site "Kulturni centrum Labut, 17. Listopadu 214 25101 Ricany"]
[Date "2016.08.27"]
[Round "1.16"]
[White "Kuhnmund, Ivan"]
[Black "Hradecky, Ivo"]
[Result "0-1"]
[WhiteElo "1709"]
[BlackElo "2051"]
[PlyCount "0"]
[EventDate "2016.08.27"]

1. e4 c5 2. Nf3 d6 3. c4 Nf6 4. Nc3 Nc6 5. d4 cxd4 6. Nxd4 g6 7. Be2 Bg7 8. Be3
O-O 9. O-O Bd7 10. Qd2 Ng4 11. Bxg4 Bxg4 12. Nd5 Rc8 13. Rac1 Bd7 14. b3 e6
15. Nc3 a6 16. Rfd1 Qa5 17. Nde2 Rfd8 18. Bg5 f6 19. Bf4 Ne5 20. Qxd6 Kf7
21. Be3 Bc6 22. Qc5 Qxc5 23. Bxc5 Nd3 24. Bb6 Nxc1 25. Bxd8 Nxe2+ 26. Nxe2 Ke8
27. Bb6 Bxe4 28. f3 Bc6 29. Nd4 Bd7 30. f4 Ke7 31. Ba5 e5 32. Bb4+ Kf7 33. fxe5
fxe5 34. Nf3 Bc6 35. Ng5+ Kg8 36. Bd6 h6 37. Ne6 Bf6 38. Re1 Kf7 39. Nc5 Rd8
40. Bxe5 Rd2 41. Rf1 Rxg2+ 0-1

[Event "O pohar mesta Ricany 2016"]
[Site "Kulturni centrum Labut, 17. Listopadu 214 25101 Ricany"]
[Date "2016.08.27"]
[Round "1.17"]
[White "Steiner, Juraj"]
[Black "Vilimova, Julie"]
[Result "1-0"]
[WhiteElo "2044"]
[BlackElo "1709"]
[PlyCount "0"]
[EventDate "2016.08.27"]

1. d4 Nf6 2. c4 g6 3. Nc3 Bg7 4. Nf3 O-O 5. Bg5 d6 6. e3 Nbd7 7. Be2 a6 8. Qc2
Qe8 9. O-O e5 10. Rac1 c6 11. Rfd1 h6 12. Bh4 Qe7 13. dxe5 dxe5 14. Nd2 g5
15. Bg3 Ne8 16. Bg4 Nb6 17. Bxc8 Rxc8 18. a3 f5 19. f3 Rd8 20. e4 f4 21. Bf2 Nd7
22. b4 Nc7 23. c5 Ne6 24. Ne2 Nf6 25. Nc4 Ne8 26. Rxd8 Qxd8 27. Rd1 Qe7 28. Qd3
h5 29. Qd7 Rf7 30. Qc8 Kh7 31. Nd6 Nxd6 32. Rxd6 Nf8 33. Nc3 Qc7 34. Qh3 h4
35. Qg4 Qe7 36. Na4 Bh6 37. Nb6 Rf6 38. Nc8 Qf7 39. h3 Kg8 40. Be1 Kh7 41. Bc3
1-0

[Event "O pohar mesta Ricany 2016"]
[Site "Kulturni centrum Labut, 17. Listopadu 214 25101 Ricany"]
[Date "2016.08.27"]
[Round "1.18"]
[White "Konvalinka, Vladislav"]
[Black "Skacel, Jan"]
[Result "1/2-1/2"]
[WhiteElo "1696"]
[BlackElo "2030"]
[PlyCount "0"]
[EventDate "2016.08.27"]

1. d4 Nf6 2. c4 g6 3. Nc3 d5 4. cxd5 Nxd5 5. Bd2 Bg7 6. e4 Nb6 7. Be3 O-O
8. Rc1 c6 9. Be2 Be6 10. b3 a5 11. Nf3 Bg4 12. O-O Re8 13. h3 Bxf3 14. Bxf3 N8d7
15. d5 c5 16. Nb5 1/2-1/2

[Event "O pohar mesta Ricany 2016"]
[Site "Kulturni centrum Labut, 17. Listopadu 214 25101 Ricany"]
[Date "2016.08.27"]
[Round "1.19"]
[White "Postupa, Pavel"]
[Black "Pivonka, Michael"]
[Result "1-0"]
[WhiteElo "1982"]
[BlackElo "1692"]
[PlyCount "0"]
[EventDate "2016.08.27"]

1. e4 c5 2. Nc3 e6 3. f4 Nc6 4. Nf3 d6 5. Bb5 Ne7 6. O-O a6 7. Be2 g6 8. Qe1
Bg7 9. d3 O-O 10. Kh1 b5 11. a3 Bb7 12. Qh4 Nd4 13. Nxd4 Bxd4 14. Bf3 Nc6
15. Qh3 Qe7 16. Ne2 Bg7 17. c3 b4 18. axb4 cxb4 19. d4 a5 20. Bd2 bxc3 21. bxc3
f5 22. Rfe1 e5 23. exf5 Rxf5 24. Ng3 Rff8 25. Ne4 h6 26. fxe5 dxe5 27. Nc5 Bc8
28. Qg3 Qd6 29. Ne4 Qe6 30. d5 1-0

[Event "O pohar mesta Ricany 2016"]
[Site "Kulturni centrum Labut, 17. Listopadu 214 25101 Ricany"]
[Date "2016.08.27"]
[Round "1.20"]
[White "Skrabanek, Matej"]
[Black "Voracek, Zdenek"]
[Result "0-1"]
[WhiteElo "1680"]
[BlackElo "1977"]
[PlyCount "0"]
[EventDate "2016.08.27"]

1. e4 Nf6 2. e5 Nd5 3. d4 d6 4. exd6 cxd6 5. Bd2 g6 6. Bb5+ Bd7 7. Bxd7+ Qxd7
8. Nf3 Bg7 9. O-O Nc6 10. c3 O-O 11. Na3 b5 12. Nxb5 Rab8 13. c4 Nb6 14. d5 Ne5
15. Nxe5 Bxe5 16. Bh6 Rfc8 17. b3 Bxa1 18. Qxa1 f6 19. Re1 Nxd5 20. Nxd6 Qxd6
21. cxd5 Rb5 22. Re6 Qd7 23. Re1 Rxd5 24. Be3 Rd8 25. h3 Rd1 26. Rxd1 Qxd1+
27. Qxd1 Rxd1+ 28. Kh2 a6 29. Bc5 Kf7 30. Kg3 Rd2 31. a3 Rd3+ 0-1

[Event "O pohar mesta Ricany 2016"]
[Site "Kulturni centrum Labut, 17. Listopadu 214 25101 Ricany"]
[Date "2016.08.27"]
[Round "1.21"]
[White "Hadrava, Jaroslav"]
[Black "Hejsek, Lukas"]
[Result "1/2-1/2"]
[WhiteElo "1972"]
[BlackElo "1668"]
[PlyCount "0"]
[EventDate "2016.08.27"]

1. e4 c5 2. Nf3 g6 3. c3 d5 4. Bb5+ Bd7 5. Bxd7+ Qxd7 6. Ne5 Qe6 7. Qa4+ Nc6
8. Nxc6 Qxc6 9. Qxc6+ bxc6 10. d3 Nf6 11. f3 Bg7 12. O-O O-O 13. Re1 e6 14. Nd2
Nd7 15. Nb3 d4 16. Bd2 Rab8 17. Rac1 Ne5 18. Nxc5 Rxb2 19. Bf4 dxc3 20. d4 Nc4
21. e5 c2 22. Nd3 Rxa2 23. Nb4 Rb2 24. Nxc2 Rfb8 25. Ne3 Nxe3 26. Bxe3 Ra2
27. Rb1 Rbb2 28. Rxb2 Rxb2 29. Rc1 Rb3 30. Kf2 Rb6 31. Kf1 Rb3 32. Kf2 Rb6
33. Kf1 Rb3 34. Kf2 1/2-1/2

[Event "O pohar mesta Ricany 2016"]
[Site "Kulturni centrum Labut, 17. Listopadu 214 25101 Ricany"]
[Date "2016.08.27"]
[Round "1.22"]
[White "Pospichal, Michael"]
[Black "Pribyl, Jaroslav"]
[Result "0-1"]
[WhiteElo "1650"]
[BlackElo "1960"]
[PlyCount "0"]
[EventDate "2016.08.27"]

1. e4 c6 2. d4 d5 3. exd5 cxd5 4. Bd3 Nc6 5. Nf3 Bg4 6. O-O Bxf3 7. Qxf3 Nxd4
8. Qf4 Nc6 9. b3 e6 10. Bb2 Nf6 11. Nc3 Bd6 12. Qg5 O-O 13. Nb5 Be7 14. Rfe1 a6
15. Bxh7+ Kxh7 16. Re3 Rh8 17. Rg3 g6 18. Rf3 Kg7 19. Nd6 Rh5 20. Qf4 e5 0-1

[Event "O pohar mesta Ricany 2016"]
[Site "Kulturni centrum Labut, 17. Listopadu 214 25101 Ricany"]
[Date "2016.08.27"]
[Round "1.23"]
[White "Grecny, Karol"]
[Black "Simak, Roman"]
[Result "1/2-1/2"]
[WhiteElo "1934"]
[BlackElo "1650"]
[PlyCount "0"]
[EventDate "2016.08.27"]

1. e4 d5 2. exd5 Qxd5 3. Nc3 Qd6 4. Nf3 Nf6 5. d4 c6 6. Bc4 Bg4 7. Be3 g6 8. h3
Bxf3 9. Qxf3 Bg7 10. O-O O-O 11. Rad1 e6 12. Rd3 Nbd7 13. Bf4 Qe7 14. Rfd1 Nb6
15. Bb3 Nbd5 16. Nxd5 exd5 17. Bg5 Qd6 18. c3 Rfe8 19. Bc2 Ne4 20. Bf4 Qd7
21. Re3 Nd6 22. b3 Rxe3 23. fxe3 Re8 24. Bxd6 Qxd6 25. e4 dxe4 26. Bxe4 f5
27. Bd3 Kh8 28. Qf2 Qe6 29. Kf1 b5 30. Re1 Qxe1+ 31. Qxe1 Rxe1+ 32. Kxe1 Kg8
33. Kd2 Kf7 34. Be2 Ke6 35. Kd3 Kd6 36. Bf3 a5 37. a3 c5 38. dxc5+ Kxc5 39. b4+
axb4 40. axb4+ Kb6 41. c4 bxc4+ 42. Kxc4 g5 43. Kd5 g4 44. hxg4 fxg4 45. Be2 g3
46. Ke6 Bc3 47. b5 1/2-1/2

[Event "O pohar mesta Ricany 2016"]
[Site "Kulturni centrum Labut, 17. Listopadu 214 25101 Ricany"]
[Date "2016.08.27"]
[Round "1.24"]
[White "Hlavacek, Ondrej"]
[Black "Skokan, Frantisek"]
[Result "0-1"]
[WhiteElo "1591"]
[BlackElo "1930"]
[PlyCount "0"]
[EventDate "2016.08.27"]

1. Nf3 Nf6 2. c4 e6 3. g3 b6 4. Bg2 Bb7 5. O-O Be7 6. b3 O-O 7. Bb2 d5 8. d3 c5
9. cxd5 exd5 10. e3 Nbd7 11. Nbd2 Qc7 12. Rc1 Rac8 13. Re1 Ba6 14. d4 Rfe8
15. e4 dxe4 16. Nxe4 Nxe4 17. Rxe4 Nf6 18. Re1 Rcd8 19. Qc2 Nd5 20. dxc5 Nb4
21. Qc3 Bf6 22. Qxb4 Bxb2 23. cxb6 Qxc1 24. Rxc1 Bxc1 25. h4 axb6 26. Qxb6 Rd1+
27. Kh2 Bf1 28. Bxf1 Rxf1 29. Qb5 Rxf2+ 30. Kg1 Rfe2 31. a4 h6 32. a5 R8e6
33. Kf1 R2e3 34. Kg2 Re2+ 35. Kf1 Ra2 36. b4 Be3 37. Ne5 Rf2+ 38. Ke1 Bd4 39. a6
Ra2 0-1

[Event "O pohar mesta Ricany 2016"]
[Site "Kulturni centrum Labut, 17. Listopadu 214 25101 Ricany"]
[Date "2016.08.27"]
[Round "1.25"]
[White "Vavrinec, Tomas"]
[Black "Zvolensky, David"]
[Result "0-1"]
[WhiteElo "1920"]
[BlackElo "1585"]
[PlyCount "0"]
[EventDate "2016.08.27"]

1. c4 Nf6 2. Nc3 g6 3. e4 d6 4. d4 Bg7 5. Be2 O-O 6. f4 e5 7. dxe5 dxe5 8. Qxd8
Rxd8 9. fxe5 Nfd7 10. Nd5 Na6 11. Bg5 Re8 12. Ne7+ Kf8 13. Nxc8 Raxc8 14. Bg4 f5
15. exf6 Rxe4+ 16. Be2 Nxf6 17. O-O-O Nc5 18. b4 Na4 19. Rf1 Ke7 20. Bd3 Rg4
21. Nf3 Rxg2 22. Bc2 Nc3 23. Re1+ Kf8 24. a3 Rd8 25. Rhf1 Ne2+ 26. Kb1 Nc3+
27. Kb2 Nce4 28. h4 h6 29. Kb3 hxg5 30. Bxe4 Nxe4 31. Nxg5+ Kg8 32. Nxe4 Rd3+
33. Ka4 Ra2 34. Nf6+ Bxf6 35. Rxf6 Raxa3+ 36. Kb5 c6+ 37. Kc5 Rac3 38. Rxg6+ Kf7
39. Rg4 Rd5# 0-1

[Event "O pohar mesta Ricany 2016"]
[Site "Kulturni centrum Labut, 17. Listopadu 214 25101 Ricany"]
[Date "2016.08.27"]
[Round "1.26"]
[White "Jirousek, Tadeas"]
[Black "Koper, Stefan"]
[Result "0-1"]
[WhiteElo "1577"]
[BlackElo "1917"]
[PlyCount "0"]
[EventDate "2016.08.27"]

1. e4 a6 2. d4 e6 3. c4 d5 4. cxd5 exd5 5. Nc3 dxe4 6. Nxe4 Bb4+ 7. Nc3 Ne7
8. Nf3 O-O 9. Bd3 h6 10. O-O Bg4 11. Bc2 Nbc6 12. Qd3 Bf5 13. Ne4 Ng6 14. a3 Bd6
15. Re1 Nce7 16. h3 c6 17. g4 Bxe4 18. Rxe4 Nd5 19. Ne5 Nf6 20. Re2 Bxe5
21. Rxe5 Nxe5 22. dxe5 Qxd3 23. Bxd3 Nd5 24. Bd2 Rad8 25. Rd1 g5 26. h4 Nf4
27. Bc2 Kg7 28. f3 Rfe8 29. Kf2 Ne6 30. hxg5 hxg5 31. Bf5 Nf4 32. Bc2 Rh8
33. Ke3 Rh2 0-1

[Event "O pohar mesta Ricany 2016"]
[Site "Kulturni centrum Labut, 17. Listopadu 214 25101 Ricany"]
[Date "2016.08.27"]
[Round "1.27"]
[White "Kovar, Jan"]
[Black "Novotna, Tereza"]
[Result "1-0"]
[WhiteElo "1912"]
[BlackElo "1566"]
[PlyCount "0"]
[EventDate "2016.08.27"]

1. e4 c5 2. Nf3 Nc6 3. Bb5 g6 4. Bxc6 dxc6 5. d3 Bg7 6. h3 Nf6 7. O-O O-O
8. Nc3 Qc7 9. Be3 b6 10. Qd2 Bd7 11. Bf4 Qb7 12. Bh6 Rfd8 13. Bxg7 Kxg7 14. Nh2
b5 15. f4 c4 16. f5 cxd3 17. fxg6 hxg6 18. e5 Ng8 19. Qxd3 Bf5 20. Qe2 Rd4
21. Nf3 Rc4 22. Rad1 a6 23. Nd4 Nh6 24. g4 c5 25. Nxf5+ gxf5 26. gxf5 Kh7
27. Kh2 Rg8 28. Nd5 Ng4+ 29. hxg4 Rcxg4 30. Rf3 Rg2+ 31. Qxg2 Rxg2+ 32. Kxg2 Kg7
33. Kf2 f6 34. e6 c4 35. Rg3+ Kf8 36. Rh1 Qxd5 37. Rh8# 1-0

[Event "O pohar mesta Ricany 2016"]
[Site "Kulturni centrum Labut, 17. Listopadu 214 25101 Ricany"]
[Date "2016.08.27"]
[Round "1.28"]
[White "Otrubova, Kristyna"]
[Black "Rastocny, Josef"]
[Result "1/2-1/2"]
[WhiteElo "1564"]
[BlackElo "1908"]
[PlyCount "0"]
[EventDate "2016.08.27"]

1. d4 Nf6 2. c4 g6 3. Nc3 Bg7 4. e4 d6 5. Nf3 O-O 6. Be2 Nbd7 7. O-O e5 8. d5
a5 9. Ne1 Ne8 10. Be3 f5 11. f3 Nef6 12. a3 f4 13. Bf2 g5 14. b4 axb4 15. axb4
Rxa1 16. Qxa1 Rf7 17. c5 Nf8 18. Nb5 g4 19. Na7 gxf3 20. Bxf3 Bg4 21. Bh4 h5
22. Qd1 Qd7 23. Bxf6 Bxf6 24. c6 bxc6 25. Nxc6 Rg7 26. Kh1 Ng6 27. Qe2 Nh4
28. Rf2 Ng6 29. h3 Bxf3 30. Nxf3 1/2-1/2